The Individuals with DIsablities Education Act (IDEA) : provisions related to children with disabilities enrolled by their parents in private schools /

Bibliographic Details
Format: Government Document eBook
Language:English
Published: [Washington, DC] : U.S. Department of Education, Office of Innovation and Improvement, Office of Non-Public Education, 2008.
Subjects:
Online Access:https://purl.fdlp.gov/GPO/gpo74308

MARC

Tag First Indicator Second Indicator Subfields
LEADER 00000cam a2200000 i 4500
001 in00003722713
005 20211120181204.0
006 m o d f
007 cr bn|||||||||
008 161107s2008 dcu o f000 0 eng c
035 |a (OCoLC)ocn962187350 
040 |a GPO  |b eng  |e rda  |e pn  |c GPO  |d GPO  |d MvI 
042 |a pcc 
043 |a n-us--- 
049 |a WWW 
074 |a 0455-B-02 (online) 
086 0 |a ED 1.2:D 63/11/2008 
245 0 4 |a The Individuals with DIsablities Education Act (IDEA) :  |b provisions related to children with disabilities enrolled by their parents in private schools /  |c U.S. Department of Education, Office of Innovation and Improvement, Office of Non-Public Education. 
246 3 0 |a Provisions related to children with disabilities enrolled by their parents in private schools 
264 1 |a [Washington, DC] :  |b U.S. Department of Education, Office of Innovation and Improvement, Office of Non-Public Education,  |c 2008. 
300 |a 1 online resource (iii, 13 pages) 
336 |a text  |b txt  |2 rdacontent 
337 |a computer  |b c  |2 rdamedia 
338 |a online resource  |b cr  |2 rdacarrier 
500 |a "February 2008"--Page ii. 
588 |a Description based on online resource; title from PDF title page (FNS, viewed November 7, 2016). 
610 1 0 |a United States.  |t Individuals with Disabilities Education Act. 
650 0 |a Private schools  |z United States. 
650 0 |a Students with disabilities  |z United States. 
710 1 |a United States.  |b Office of Nonpublic Education,  |e issuing body. 
776 0 8 |i Print version:  |t Individuals with DIsablities Education Act (IDEA)  |w (OCoLC)228508917 
856 4 0 |u https://purl.fdlp.gov/GPO/gpo74308  |t 0 
999 f f |s b4d76acb-cc79-37d1-a2b9-27253bde0e31  |i 5f384379-0f81-3368-93a4-dce8c578e16a  |t 0 
952 f f |a Texas A&M University  |b College Station  |c Electronic Resources  |d Available Online  |t 0  |e ED 1.2:D 63/11/2008  |h Superintendent of Documents classification 
998 f f |a ED 1.2:D 63/11/2008  |t 0  |l Available Online